Score 0/24 Timer 07:00
0 Plays Today
Line Word % Correct
Take thy beak from out my heart, and take thy form from off my door!' / Quoth the Raven: '___!'Nevermore
77.2%
I think that I shall never see / A poem lovely as a ___.tree
66.9%
The ___ are lovely, dark, and deep. / But I have promises to keepwoods
62.4%
Old age should burn and rave at close of day; / ___, ___ against the dying of the lightrage
61%
For the children, they mark, and the children, they know / The place where the ___ endssidewalk
60.2%
In Flanders fields the ___ blow / between the crosses row on rowpoppies
58.8%
Shall I compare thee to a summer's day? / Thou art more lovely, and more ___temperate
54.5%
In ___ did Kubla Khan / a stately pleasure-dome decree:Xanadu
50.7%
...to the lonely sea and the sky, / And all I ask is a tall ship and a ___ to steer her by;star
50.5%
Tune is heard on the distant hill / For the caged bird sings of ___.freedom
50.2%
'My name is ___, king of kings / Look on my works, ye mighty, and despair!Ozymandias
44.1%
'Beauty is ___, ___ beauty,' - that is all / Ye know on earth, and all ye need to know.truth
44.1%
Line Word % Correct
When all at once I saw a crowd,-- / A host of golden ___.daffodils
43.6%
'___' is the thing with feathers / That perches in the soulHope
43%
A Book of Verses underneath the Bough, / A Jug of Wine, a Loaf of Bread—and ____Thou
42.7%
And ___ shall be no more; ___, thou shalt die.death
42.4%
Shall I part my hair behind? Do I dare to eat a ___?peach
39.6%
Beware the Jubjub bird, and shun / The frumious ___!Bandersnatch
35%
The ___ comes / on little cat feet.fog
34.4%
Till we have built ___ / in England's green & pleasant land.Jerusalem
31.2%
Maybe it just sags / like a heavy load. // Or does it ___?explode
25.4%
___, ___, you bastard, I'm through.Daddy
24%
To strive, to seek, to find, and not to ___.yield
23.8%
Do I ___ myself? / Very well then, I ___ myself, / (I am large, I contain multitudes.)contradict
18.3%
Remove Ads.
Support Sporcle.
Get the best of Sporcle when you Go Orange. This ad-free experience offers more features, more stats, and more fun while also helping to support Sporcle. Thank you for becoming a member.

You're not logged in!

Compare scores with friends on all Sporcle quizzes.
OR
Log In

Show Comments

Extras

Top Quizzes Today


Score Distribution

Your Account Isn't Verified!

In order to create a playlist on Sporcle, you need to verify the email address you used during registration. Go to your Sporcle Settings to finish the process.

Report this User

Report this user for behavior that violates our Community Guidelines.

Details: